Word Puzzles - People #1 - Statistics

General Stats
  • This quiz has been taken 16,298 times
  • The average score is 26 of 48
Answer Stats
Clue Answer % Correct
Person from the UK Brit
85%
Face card Jack
85%
Henry VIII, e.g. King
82%
Male offspring Son
77%
Mr. Jagger Mick
76%
Be victorious Win
76%
Scottish lake Loch
75%
Finer than gravel Sand
75%
Rouge Red
72%
Ernie's pal Bert
71%
Norse god Thor
68%
Toro Bull
67%
Gardening tool Hoe
67%
Element Sn Tin
67%
(Person) Britney Spears
66%
Female sheep Ewe
66%
4:3 or 10:1, for example Ratio
66%
Patellar region Knee
65%
Units of asparagus Spears
65%
British bathroom Loo
63%
Chinese cooking utensil Wok
62%
___ fi fo fum Fee
61%
Steal from Rob
61%
(Person) Sandra Bullock
60%
Capital of Bulgaria Sofia
59%
Louis XIV: The ___ King Sun
58%
Blood and guts Gore
57%
Type of brain matter Gray
56%
To disfigure Mar
53%
Way to cross a stream Ford
50%
What follows Jay Kay
50%
(Person) Ewan McGregor
49%
(Person) Robert Redford
49%
(Person) Martin Luther King
48%
Metallic element Nickel
37%
(Person) Jack Nicholson
36%
Chromatically boring Drab
33%
(Person) Horatio Nelson
32%
Rent an apartment Let
27%
Ring a bell slowly for a funeral Knell
26%
Ultrasound surprise Twins
26%
Sound made by a cow (not moo) Low
22%
Certain songbird Wren
22%
(Person) Sophia Loren
21%
(Person) Kate Winslet
17%
Put the kibosh on Nix
17%
Neato! Keen
16%
(Person) Joaquin Phoenix
15%
No matching quizzes found
Score Distribution
Percent of People with Each Score
Percentile by Number Answered
Your Score History
You have not taken this quiz